000 00461nam a2200133Ia 4500
008 100328s9999 xx 000 0 und d
082 _b3577
100 _aकरंदिकर शंकर दिनकर
245 _aपतिव्रता सावित्री
260 _bचित्रशाळा
630 _aपतिव्रता सावित्री
730 _aपतिव्रता सावित्री
942 _cBOOK
999 _c499702
_d499699